[Event "Russian Championship B17 1st league 2016"]
[Site "Loo"]
[Date "2016.04.25"]
[Round "6.34"]
[White "Prorochenko, Nikita"]
[Black "Slastikhin, Vladislav"]
[Result "1-0"]
[WhiteElo "1682"]
[BlackElo "1658"]
[PlyCount "94"]
[EventDate "2016.04.20"]

1. e4 e5 2. d4 exd4 3. Qxd4 Nc6 4. Qe3 Be7 5. Nc3 d6 6. Bc4 Be6 7. Bxe6 fxe6 8.
Nge2 Qd7 9. O-O O-O-O 10. Rd1 Nf6 11. Nd4 Ng4 12. Qe2 Nxd4 13. Rxd4 Bf6 14. Rd1
h5 15. f3 Ne5 16. Be3 a6 17. Bd4 Nc6 18. Bxf6 gxf6 19. Rab1 h4 20. b4 Na7 21.
a4 Qc6 22. Qe3 h3 23. g3 Qb6 24. Qxb6 cxb6 25. b5 a5 26. Ne2 Kd7 27. Rd2 Nc8
28. Nf4 Rh6 29. Rbd1 Ke7 30. g4 Rd7 31. Kf2 Rc7 32. Kg3 Rc4 33. Ra1 Rc3 34.
Nxh3 e5 35. Nf2 Ke6 36. Nd1 Rc4 37. Ne3 Rc3 38. Nd5 Rc4 39. Rad1 Rxa4 40. Nxb6
Nxb6 41. Rxd6+ Ke7 42. Rxb6 Rc4 43. Rxb7+ Ke6 44. Rbd7 Rd4 45. R1xd4 exd4 46.
Rxd4 Rh7 47. Ra4 Ra7 1-0

[Event "Russian Championship B17 1st league 2016"]
[Site "Loo"]
[Date "2016.04.25"]
[Round "6.35"]
[White "Loskutov, Efrem"]
[Black "Belov, Aleksey"]
[Result "1/2-1/2"]
[WhiteElo "1673"]
[BlackElo "1612"]
[PlyCount "83"]
[EventDate "2016.04.20"]

1. d4 Nf6 2. c4 g6 3. Nc3 Bg7 4. Nf3 O-O 5. Bg5 c5 6. e3 d6 7. Bd3 a6 8. h3
Nbd7 9. O-O b6 10. d5 Bb7 11. Rb1 Qc7 12. Re1 Rfe8 13. e4 e6 14. a4 exd5 15.
exd5 Rxe1+ 16. Qxe1 Re8 17. Qd2 Ne5 18. Nxe5 Rxe5 19. Bf4 Re8 20. Re1 Rxe1+ 21.
Qxe1 Kf8 22. Kf1 Qe7 23. Bd2 Bc8 24. a5 Qxe1+ 25. Bxe1 bxa5 26. Na4 Nd7 27.
Bxa5 Ne5 28. Be2 Bf5 29. Bc3 Bc2 30. Nb6 f5 31. f4 Nf7 32. Nd7+ Ke7 33. Bxg7
Kxd7 34. Ke1 Kc7 35. Kd2 Be4 36. g3 Nd8 37. h4 h5 38. Bc3 Kb6 39. Bd1 Nb7 40.
Bb3 Na5 41. Bxa5+ Kxa5 42. Kc3 1/2-1/2

[Event "Russian Championship B17 1st league 2016"]
[Site "Loo"]
[Date "2016.04.25"]
[Round "6.36"]
[White "Tsurtsumiya, Ruslan"]
[Black "Shevelev, Alexandr"]
[Result "0-1"]
[WhiteElo "1549"]
[BlackElo "1668"]
[PlyCount "86"]
[EventDate "2016.04.20"]

1. d4 d5 2. Bf4 Nf6 3. e3 e6 4. Nf3 Be7 5. c3 O-O 6. h3 b6 7. Bd3 Ba6 8. O-O
Bxd3 9. Qxd3 Nbd7 10. Nbd2 c5 11. e4 dxe4 12. Nxe4 Nxe4 13. Qxe4 Nf6 14. Qe2
Nd5 15. Bg3 Bd6 16. Qe4 Qc7 17. Be5 Bxe5 18. dxe5 Ne7 19. Ng5 Ng6 20. f4 Qe7
21. Rfe1 Rad8 22. Rad1 Rd7 23. Qa4 Rfd8 24. Nf3 Rxd1 25. Rxd1 Rxd1+ 26. Qxd1
Nxf4 27. Qd6 Qxd6 28. exd6 Kf8 29. Ng5 f6 30. Ne4 Ke8 31. Kh2 Kd7 32. Kg3 Nd3
33. b3 Nc1 34. Kh4 Nxa2 35. Kh5 a5 36. h4 Nc1 37. Nxf6+ gxf6 38. Kh6 Nxb3 39.
Kxh7 a4 40. h5 a3 41. h6 a2 42. Kg7 a1=Q 43. h7 Qxc3 0-1

[Event "Russian Championship B17 1st league 2016"]
[Site "Loo"]
[Date "2016.04.25"]
[Round "6.37"]
[White "Kulikov, Egor"]
[Black "Malyshev, Kirill"]
[Result "1/2-1/2"]
[WhiteElo "1489"]
[BlackElo "1628"]
[PlyCount "105"]
[EventDate "2016.04.20"]

1. e4 c6 2. d4 d5 3. e5 g6 4. Nf3 h5 5. Bd3 Nh6 6. c4 Bg4 7. cxd5 cxd5 8. Qa4+
Nc6 9. Qb5 Rb8 10. Nc3 Bxf3 11. gxf3 e6 12. Be3 a6 13. Qa4 Qb6 14. Rb1 Nf5 15.
Bxf5 gxf5 16. Ne2 Qb4+ 17. Qxb4 Bxb4+ 18. Bd2 Bxd2+ 19. Kxd2 Ke7 20. Rhg1 Rhg8
21. Kd3 Rbc8 22. a3 Na5 23. Nf4 Nc4 24. Rg3 h4 25. Rh3 Rh8 26. Ng2 Rcg8 27. Ne3
b5 28. b3 Nxe3 29. Kxe3 Rc8 30. Kd2 f6 31. f4 fxe5 32. fxe5 Rcg8 33. Rc1 Rg4
34. Kd3 Kd7 35. b4 Rg2 36. Ke3 Rgg8 37. Kd2 Rg4 38. Kd3 Rg2 39. Ke3 Rg4 40. Rf3
h3 41. Rg3 Rhg8 42. Rxh3 R4g7 43. Ke2 Rb8 44. Rhc3 Rb7 45. Rc6 Ra7 46. Rd6+ Ke7
47. Rcc6 Rg6 48. Rxa6 Rc7 49. Rdc6 Rb7 50. Rab6 Ra7 51. Rxb5 Rxa3 52. Rb7+ Kd8
53. Rcc7 {далее запись неразбор~~ива} 1/2-1/2

[Event "Russian Championship B17 1st league 2016"]
[Site "Loo"]
[Date "2016.04.25"]
[Round "6.38"]
[White "Novikov, Dmitry"]
[Black "Vasiliev, Semen B"]
[Result "1/2-1/2"]
[WhiteElo "1493"]
[BlackElo "1434"]
[PlyCount "81"]
[EventDate "2016.04.20"]

1. e4 d5 2. exd5 Qxd5 3. Nc3 Qd6 4. g3 g6 5. d4 Bg7 6. Bf4 Qd8 7. Nb5 Na6 8.
Nf3 c6 9. Nc3 Nc7 10. Bg2 Ne6 11. Be3 Nf6 12. O-O Ng4 13. Re1 Nxe3 14. fxe3 O-O
15. Kh1 Nc7 16. e4 Bg4 17. e5 Qd7 18. Qd2 Rad8 19. Rad1 Nd5 20. Nxd5 Qxd5 21.
Qc3 Qd7 22. Qe3 Qd5 23. Qb3 e6 24. h3 Bxf3 25. Bxf3 Qxb3 26. axb3 Rd7 27. Rd3
Rfd8 28. Red1 Bf8 29. Be4 Bg7 30. Kg2 f6 31. exf6 Bxf6 32. c3 Kg7 33. Kf2 e5
34. d5 cxd5 35. Rxd5 Rxd5 36. Rxd5 Rxd5 37. Bxd5 b6 38. b4 Bg5 39. Ke2 Kf6 40.
g4 Bc1 41. b3 1/2-1/2

[Event "Russian Championship B17 2016"]
[Site "Loo"]
[Date "2016.04.25"]
[Round "6.1"]
[White "Sorokin, Aleksey"]
[Black "Galaktionov, Artem"]
[Result "1-0"]
[WhiteElo "2385"]
[BlackElo "2208"]
[PlyCount "91"]
[EventDate "2016.04.20"]

1. d4 d5 2. c4 e6 3. Nf3 Nf6 4. g3 Bb4+ 5. Bd2 Be7 6. Bg2 O-O 7. O-O c6 8. Qc2
b6 9. Rd1 Bb7 10. Bf4 Nbd7 11. Ne5 Nh5 12. Bd2 f5 13. cxd5 cxd5 14. Nc6 Rc8 15.
Nxd8 Rxc2 16. Nxe6 Rf6 17. Nf4 Nxf4 18. Bxf4 Re6 19. Nc3 Rxb2 20. Nxd5 Kf7 21.
Nc7 Bxg2 22. Nxe6 Bb7 23. Ng5+ Kg6 24. Nf3 Rxe2 25. Re1 Rxe1+ 26. Rxe1 Bb4 27.
Ne5+ Nxe5 28. Rxe5 Kf6 29. h4 h6 30. Re2 Be4 31. Bb8 a5 32. Be5+ Kf7 33. Rb2 g5
34. a3 Bxa3 35. Rxb6 gxh4 36. gxh4 Bc1 37. Rf6+ Ke7 38. Ra6 Bd2 39. d5 Bb4 40.
Ra7+ Ke8 41. d6 Bc6 42. h5 Bd7 43. Bf4 a4 44. Bxh6 Bxd6 45. Bg7 Bc5 46. Rxd7
1-0

[Event "Russian Championship B17 2016"]
[Site "Loo"]
[Date "2016.04.25"]
[Round "6.2"]
[White "Gaifullin, Artur"]
[Black "Triapishko, Olexandr"]
[Result "0-1"]
[WhiteElo "2306"]
[BlackElo "2474"]
[PlyCount "92"]
[EventDate "2016.04.20"]

1. d4 Nf6 2. c4 g6 3. g3 Bg7 4. Bg2 d5 5. Nf3 dxc4 6. O-O O-O 7. Qc2 Nc6 8. Rd1
Be6 9. Bg5 Nb4 10. Qd2 a5 11. Nc3 c6 12. Ne5 Nfd5 13. a3 Nxc3 14. bxc3 Na6 15.
Nf3 f6 16. Bf4 b5 17. e4 Bf7 18. h4 Qd7 19. Kh2 Rfd8 20. Qe1 Qe8 21. e5 Bd5 22.
Ra2 Ra7 23. Re2 Qf8 24. Nd2 f5 25. e6 b4 26. cxb4 axb4 27. axb4 Rb7 28. Nf3
Nxb4 29. Ne5 Bxe5 30. Bxe5 Nd3 31. Qh1 f4 32. Bxd5 cxd5 33. gxf4 Nxe5 34. fxe5
Qf4+ 35. Kg1 Qg4+ 36. Kf1 Qxe6 37. Qg2 Rdb8 38. Kg1 Rb1 39. Rxb1 Rxb1+ 40. Kh2
Rd1 41. Qg5 Rxd4 42. Ra2 Re4 43. f4 Qf5 44. Ra8+ Kf7 45. Kg3 Qxg5+ 46. hxg5 c3
0-1

[Event "Russian Championship B17 2016"]
[Site "Loo"]
[Date "2016.04.25"]
[Round "6.3"]
[White "Elistratov, Semen"]
[Black "Malyshev, Grigory"]
[Result "1-0"]
[WhiteElo "2329"]
[BlackElo "2315"]
[PlyCount "79"]
[EventDate "2016.04.20"]

1. Nf3 Nf6 2. g3 c5 3. Bg2 Nc6 4. O-O e5 5. c4 Be7 6. Nc3 O-O 7. d3 h6 8. Ne1
d6 9. Nc2 Be6 10. Ne3 Qd7 11. Ned5 Bh3 12. e4 Nxd5 13. Nxd5 Bg4 14. Qa4 Be6 15.
Be3 Rad8 16. a3 f5 17. b4 f4 18. gxf4 Bxd5 19. exd5 exf4 20. dxc6 bxc6 21. Qxc6
Qxc6 22. Bxc6 fxe3 23. fxe3 Bg5 24. Rae1 Bf6 25. b5 Bc3 26. Rd1 g5 27. Rf2 Kg7
28. d4 h5 29. Rxf8 Rxf8 30. dxc5 dxc5 31. Rd5 Kf6 32. Rxc5 Rd8 33. Bd5 Ba5 34.
Rc6+ Kf5 35. Kg2 Re8 36. e4+ Kf4 37. Rf6+ Kg4 38. c5 Bc3 39. Rf7 Be5 40. a4 1-0

[Event "Russian Championship B17 2016"]
[Site "Loo"]
[Date "2016.04.25"]
[Round "6.4"]
[White "Afanasiev, Nikita"]
[Black "Sarana, Alexey"]
[Result "0-1"]
[WhiteElo "2349"]
[BlackElo "2422"]
[PlyCount "164"]
[EventDate "2016.04.20"]

1. Nh3 Nf6 2. g3 d5 3. Bg2 g6 4. d3 Bg7 5. Nd2 e5 6. e4 O-O 7. O-O Na6 8. Kh1
Nc5 9. exd5 Nxd5 10. Nc4 c6 11. Re1 Re8 12. Ng5 f5 13. f4 exf4 14. Rxe8+ Qxe8
15. gxf4 Nb6 16. Ne5 Be6 17. Ngf3 Bd5 18. Be3 Ncd7 19. Bd4 Rd8 20. Qg1 Nxe5 21.
fxe5 Nd7 22. Re1 Qe7 23. Bxa7 Bxf3 24. Bxf3 Nxe5 25. Bg2 Qb4 26. Bb6 Rd7 27. b3
Bf6 28. a4 Kf7 29. a5 Ng4 30. Re2 Bd4 31. Bxd4 Rxd4 32. h3 Nf6 33. Qe3 Qd6 34.
Re1 f4 35. Qe5 Qd7 36. Rf1 Nh5 37. Kh2 Qd8 38. Re1 Ng7 39. a6 bxa6 40. Bxc6 g5
41. Re2 Rd6 42. Be4 h5 43. c4 Qf6 44. Bd5+ Kg6 45. c5 f3 46. Bxf3 Re6 47. Be4+
Kh6 48. Qxf6+ Rxf6 49. c6 Ne6 50. Rc2 Nc7 51. Kg2 Rd6 52. Rf2 Kg7 53. Rf5 Ne6
54. Rc5 Nxc5 55. c7 Nxe4 56. c8=Q Nf6 57. Qc7+ Rd7 58. Qc4 a5 59. d4 Rd5 60.
Kf3 Kg6 61. Ke3 g4 62. Qc2+ Kg5 63. h4+ Kh6 64. Qd3 Kg7 65. Kf4 Kf7 66. Qc4 Kg6
67. Ke3 Kf5 68. Qc7 Ke6 69. Qb6+ Kf7 70. Kf4 Kg6 71. Ke3 Rf5 72. Qc6 Rf3+ 73.
Ke2 Rf5 74. Qc2 Nd5 75. Ke1 Nb4 76. Qe4 Kf6 77. Qg2 Rf3 78. Qe2 Re3 79. Qxe3
Nc2+ 80. Kf2 Nxe3 81. Kxe3 Kf5 82. Kd3 Kf4 0-1

[Event "Russian Championship B17 2016"]
[Site "Loo"]
[Date "2016.04.25"]
[Round "6.5"]
[White "Abelguzin, Dinar"]
[Black "Zhitnikov, Konstantin"]
[Result "1/2-1/2"]
[WhiteElo "2397"]
[BlackElo "2288"]
[PlyCount "80"]
[EventDate "2016.04.20"]

1. e4 c6 2. d4 d5 3. e5 Bf5 4. Nf3 e6 5. Nbd2 Ne7 6. Nb3 h6 7. Bd2 Nd7 8. a4 g5
9. Ng1 c5 10. Bb5 Nc6 11. Ne2 c4 12. Nbc1 a6 13. Bxc6 bxc6 14. a5 c5 15. Bc3
Bg7 16. O-O cxd4 17. Nxd4 Bg6 18. f4 gxf4 19. Nce2 O-O 20. Nxf4 Nxe5 21. Nfxe6
fxe6 22. Rxf8+ Bxf8 23. Nxe6 Qd6 24. Nxf8 Rxf8 25. Qd4 Bxc2 26. Re1 Bd3 27.
Qxe5 Qxe5 28. Bxe5 Be4 29. Bd4 Kh7 30. Re3 Rf7 31. h4 h5 32. Rg3 Bg6 33. Rg5
Rf5 34. Bc3 Rxg5 35. hxg5 Be4 36. Kf2 d4 37. Bxd4 Kg6 38. g3 Kxg5 39. Ke3 Bc6
40. Bc3 Bb5 1/2-1/2

[Event "Russian Championship B17 2016"]
[Site "Loo"]
[Date "2016.04.25"]
[Round "6.6"]
[White "Grigorjev, Iljya"]
[Black "Askerov, Marat"]
[Result "1-0"]
[WhiteElo "2297"]
[BlackElo "2375"]
[PlyCount "75"]
[EventDate "2016.04.20"]

1. d4 Nf6 2. c4 e6 3. g3 Bb4+ 4. Bd2 Qe7 5. Nf3 Nc6 6. Bg2 Bxd2+ 7. Qxd2 Ne4 8.
Qc2 Qb4+ 9. Kf1 d5 10. e3 O-O 11. Nbd2 Nxd2+ 12. Nxd2 Qd6 13. a3 a5 14. Ke2 Ne7
15. Rac1 c6 16. Qc3 f6 17. Rhd1 e5 18. cxd5 Nxd5 19. Qc5 Qd8 20. dxe5 fxe5 21.
e4 Nf6 22. Nc4 Qe8 23. Nxe5 b6 24. Qd4 Ba6+ 25. Nc4 c5 26. Qd3 Qf7 27. e5 Rae8
28. f4 Qh5+ 29. Qf3 Ng4 30. Rd5 Qg6 31. Qe4 Qh6 32. Rd6 Qxh2 33. Kf3 Bxc4 34.
Kxg4 Bf7 35. Kf3 Qh5+ 36. g4 Qh4 37. Rh1 Bg6 38. Rxh4 1-0

[Event "Russian Championship B17 2016"]
[Site "Loo"]
[Date "2016.04.25"]
[Round "6.7"]
[White "Lobanov, Sergei"]
[Black "Bilan, Danila"]
[Result "1/2-1/2"]
[WhiteElo "2457"]
[BlackElo "2244"]
[PlyCount "82"]
[EventDate "2016.04.20"]

1. e4 e6 2. d4 d5 3. Nc3 Nf6 4. e5 Nfd7 5. f4 c5 6. Nf3 Nc6 7. Be3 cxd4 8. Nxd4
Qb6 9. Qd2 Qxb2 10. Rb1 Qa3 11. Bb5 Nxd4 12. Bxd4 a6 13. Bxd7+ Bxd7 14. Rb3 Qe7
15. Rxb7 Rc8 16. O-O Qa3 17. Rf3 Qa5 18. Qd3 Bc5 19. h3 Bxd4+ 20. Qxd4 Rc4 21.
Qxc4 dxc4 22. Rb8+ Ke7 23. Rxh8 Qc5+ 24. Kh2 Bc6 25. Rg3 Qf2 26. Rxh7 g6 27.
Rh8 Qxf4 28. Rc8 Kd7 29. Rf8 Ke7 30. Rc8 Bd5 31. Rc7+ Kf8 32. Nxd5 exd5 33. Rc6
Qxe5 34. c3 Kg7 35. Rxa6 Kh6 36. Ra7 Qf4 37. Rd7 Qf5 38. Rd8 Qe5 39. Rd7 Kg7
40. a4 Kf8 41. a5 Qe6 1/2-1/2

[Event "Russian Championship B17 2016"]
[Site "Loo"]
[Date "2016.04.25"]
[Round "6.8"]
[White "Ergeshov, Timur"]
[Black "Bykov, Oleg"]
[Result "0-1"]
[WhiteElo "2209"]
[BlackElo "2389"]
[PlyCount "148"]
[EventDate "2016.04.20"]

1. d4 Nf6 2. c4 g6 3. Nc3 Bg7 4. e4 d6 5. Be2 O-O 6. Nf3 e5 7. O-O Nc6 8. d5
Ne7 9. b4 Ne8 10. a4 f5 11. Ba3 Nf6 12. Nd2 fxe4 13. Ndxe4 Nf5 14. c5 Nd4 15.
cxd6 cxd6 16. b5 Ne8 17. Bd3 Bf5 18. Ne2 Nxe2+ 19. Qxe2 Bxe4 20. Bxe4 Bh6 21.
g3 Rc8 22. Bg2 Ng7 23. Bh3 Nf5 24. Qd3 Rc7 25. a5 Nd4 26. Bb2 Bg7 27. a6 e4 28.
Qa3 Nc2 29. Be6+ Kh8 30. Bxg7+ Rxg7 31. Qc3 Nxa1 32. axb7 Qb8 33. Bc8 Nb3 34.
Qxb3 Rxb7 35. Bxb7 Qxb7 36. Re1 Re8 37. Qc4 Qe7 38. Qd4+ Kg8 39. Re3 Qd7 40.
Qc4 Qf5 41. Qd4 Qd7 42. Rc3 Qf7 43. h4 Rf8 44. Rc2 e3 45. Qxe3 Qxd5 46. Rd2
Qxb5 47. Rxd6 Qb7 48. Qd4 Qb1+ 49. Kg2 Qb7+ 50. Kh2 Qf3 51. Kg1 Re8 52. Qd2 Qe4
53. Kh2 Qe2 54. Qd5+ Kh8 55. Rf6 Qe7 56. Rf7 Qe6 57. Qd4+ Qe5 58. Qxa7 Kg8 59.
Rxh7 Rf8 60. Rb7 Re8 61. Qa2+ Qe6 62. Qxe6+ Rxe6 63. Kg2 Ra6 64. g4 Ra3 65. f3
Ra4 66. Kg3 Rc4 67. Kf2 Rc2+ 68. Ke3 Rc4 69. Rd7 Ra4 70. Rd4 Ra7 71. Kf4 Kg7
72. g5 Ra3 73. Kg4 Ra1 74. Rd7+ Kg8 0-1

[Event "Russian Championship B17 2016"]
[Site "Loo"]
[Date "2016.04.25"]
[Round "6.9"]
[White "Obgolts, Erik"]
[Black "Fakhrutdinov, Timur"]
[Result "0-1"]
[WhiteElo "2172"]
[BlackElo "2290"]
[PlyCount "108"]
[EventDate "2016.04.20"]

1. d4 Nf6 2. Nf3 d5 3. Bf4 c5 4. e3 Nc6 5. c3 Qb6 6. Qb3 c4 7. Qc2 Bf5 8. Qc1
h6 9. h3 e6 10. Nbd2 Qd8 11. Ne5 Nxe5 12. Bxe5 Be7 13. Be2 O-O 14. O-O b5 15.
f3 Nd7 16. Bh2 Bg5 17. f4 Be7 18. g4 Bh7 19. b3 Bd6 20. a4 a6 21. Qb2 Qc7 22.
axb5 axb5 23. b4 Nb6 24. Nf3 Na4 25. Qd2 Ra6 26. g5 hxg5 27. Nxg5 Bf5 28. Bg4
Be7 29. Qf2 Bd3 30. Qh4 e5 31. dxe5 Rh6 32. Qe1 Bxf1 33. Kxf1 Qb8 34. Rd1 Nb2
35. Rd4 Nd3 36. Rxd3 cxd3 37. Qd2 Qc7 38. Qxd3 Qc4 39. Qxc4 dxc4 40. Ne4 Rd8
41. f5 Ra6 42. Bf4 Ra2 43. f6 gxf6 44. exf6 Bf8 45. Be2 Rd5 46. h4 Kh7 47. Bf3
Rd8 48. Bh5 Bh6 49. Ng5+ Bxg5 50. hxg5 Rdd2 51. Bg3 Kg8 52. Be1 Rd5 53. Bh4 Rb2
54. Bf3 Rf5 0-1

[Event "Russian Championship B17 2016"]
[Site "Loo"]
[Date "2016.04.25"]
[Round "6.10"]
[White "Borisovsky, Dmitry"]
[Black "Bezotechestvo, Konstantin"]
[Result "1-0"]
[WhiteElo "2281"]
[BlackElo "2064"]
[PlyCount "104"]
[EventDate "2016.04.20"]

1. e4 e5 2. Nf3 Nc6 3. Bb5 a6 4. Ba4 Nf6 5. O-O b5 6. Bb3 Bb7 7. d4 Nxe4 8.
dxe5 Nc5 9. Bf4 Ne6 10. Bg3 h5 11. h4 Bc5 12. Nc3 Ncd4 13. Bd5 Bxd5 14. Nxd5
Nf5 15. Kh1 c6 16. Nc3 Nxg3+ 17. fxg3 d5 18. exd6 Bxd6 19. Ne4 Bc7 20. Nfg5
Qxd1 21. Raxd1 Nxg5 22. Nxg5 O-O 23. Kh2 Rad8 24. Rxd8 Bxd8 25. Rd1 Re8 26. Rd6
Bxg5 27. hxg5 Re6 28. Rd8+ Kh7 29. Rc8 Kg6 30. Rc7 f6 31. gxf6 Kxf6 32. b3 g6
33. Ra7 Ke5 34. Rxa6 Kd5 35. Ra5 Kd4 36. c4 b4 37. Ra6 Ke5 38. Kh3 Kd4 39. g4
hxg4+ 40. Kxg4 Re2 41. Kf3 Re6 42. Kf4 Rf6+ 43. Kg3 Re6 44. Kg4 Re2 45. g3 Re6
46. Kg5 Rd6 47. g4 Re6 48. Kh6 Rd6 49. g5 Kc5 50. Kg7 Re6 51. Kf7 Rd6 52. Ra5+
Kb6 1-0

[Event "Russian Championship B17 2016"]
[Site "Loo"]
[Date "2016.04.25"]
[Round "6.11"]
[White "Kuznetsov, Felix"]
[Black "Klukin, Kirill"]
[Result "1/2-1/2"]
[WhiteElo "2053"]
[BlackElo "2259"]
[PlyCount "66"]
[EventDate "2016.04.20"]

1. e4 c5 2. Nf3 Nc6 3. d4 cxd4 4. Nxd4 e5 5. Nb5 d6 6. c4 Be7 7. N1c3 a6 8. Na3
Be6 9. Be2 Nf6 10. Nc2 Rc8 11. b3 O-O 12. O-O b5 13. cxb5 Na7 14. Bb2 axb5 15.
Bd3 Qb6 16. Rc1 Nd7 17. Ne3 Bg5 18. Ncd5 Qb7 19. Rxc8 Rxc8 20. Qe2 Nc5 21. Bb1
Nc6 22. Rd1 Ne7 23. Nxe7+ Bxe7 24. Nd5 Bf8 25. h3 f5 26. f3 Bf7 27. Qd2 fxe4
28. fxe4 Ne6 29. Rf1 Nc7 30. Ne3 Ne6 31. Nd5 Nc7 32. Ne3 Ne6 33. Nd5 Nc7
1/2-1/2

[Event "Russian Championship B17 2016"]
[Site "Loo"]
[Date "2016.04.25"]
[Round "6.12"]
[White "Galchenko, Matvey"]
[Black "Mestnikov, Aital"]
[Result "1-0"]
[WhiteElo "2245"]
[BlackElo "2063"]
[PlyCount "99"]
[EventDate "2016.04.20"]

1. f4 d5 2. Nf3 e6 3. g3 c5 4. Bg2 Nc6 5. O-O Nf6 6. d3 Be7 7. Nc3 b6 8. e4 Bb7
9. e5 Nd7 10. Qe1 g6 11. a3 h5 12. h3 a6 13. Bd2 b5 14. Nd1 Nb6 15. Qf2 Qc7 16.
Be3 d4 17. Bd2 O-O-O 18. Qe2 Bf8 19. Ng5 Nd5 20. Nf2 Nce7 21. Nxf7 Nf5 22. Nxh8
Nxg3 23. Qf3 Nxf1 24. Rxf1 Qh7 25. Nxg6 Qxg6 26. Ne4 Be7 27. Ng5 Kb8 28. h4 Rf8
29. Qe4 Rf5 30. Kh2 Qg8 31. Qe2 Bxg5 32. fxg5 Qf7 33. Bh3 Nf4 34. Bxf4 Rxf4 35.
Kg3 Rxf1 36. Qxf1 Qc7 37. Qf8+ Ka7 38. Qd6 Qf7 39. Qxc5+ Ka8 40. Bg2 Bxg2 41.
Kxg2 Qf4 42. Qc6+ Ka7 43. Qf3 Qxe5 44. Qxh5 Qe1 45. Qf7+ Kb6 46. Qf2 Qe5 47. g6
Ka5 48. Kh3 Qc7 49. h5 Qe5 50. Kg4 1-0

[Event "Russian Championship B17 2016"]
[Site "Loo"]
[Date "2016.04.25"]
[Round "6.13"]
[White "Radzhabov, Rodion"]
[Black "Smirnov, Timofey"]
[Result "0-1"]
[WhiteElo "2172"]
[BlackElo "2303"]
[PlyCount "108"]
[EventDate "2016.04.20"]

1. e3 d5 2. Nf3 Nf6 3. b3 c5 4. Bb2 Nc6 5. d4 Bf5 6. Bd3 Bxd3 7. Qxd3 e6 8. O-O
cxd4 9. exd4 Rc8 10. c4 Nb4 11. Qe2 dxc4 12. bxc4 Be7 13. a3 Na6 14. Nbd2 O-O
15. Rfd1 Nb8 16. Nf1 Nbd7 17. Ne3 Re8 18. Rac1 Qa5 19. c5 Qa4 20. Rc4 Qc6 21.
Qc2 Nd5 22. Rc1 Bf6 23. Ng4 b5 24. cxb6 Qxc4 25. Qxc4 Rxc4 26. Rxc4 N7xb6 27.
Nxf6+ gxf6 28. Rc2 Rb8 29. g3 Kg7 30. Kg2 Na4 31. Bc1 Rb3 32. Rc4 Nac3 33. Nd2
Rb6 34. Rc5 f5 35. Nf3 Rb1 36. Bd2 Ne4 37. Ra5 Rb2 38. Be1 Ne3+ 39. Kg1 Nc2 40.
Rxa7 Rb3 41. Nd2 Rd3 42. Nxe4 fxe4 43. Bb4 Nxd4 44. Kg2 Nf3 45. Ra4 f5 46. Ra7+
Kg6 47. g4 f4 48. Ra6 Rd1 49. Rxe6+ Kg5 50. Be7+ Kxg4 51. h3+ Kf5 52. Rf6+ Ke5
53. h4 Nxh4+ 54. Kh3 Ng6 0-1

[Event "Russian Championship B17 2016"]
[Site "Loo"]
[Date "2016.04.25"]
[Round "6.14"]
[White "Trubchaninov, Timur"]
[Black "Sin, Denis"]
[Result "1/2-1/2"]
[WhiteElo "2194"]
[BlackElo "2298"]
[PlyCount "80"]
[EventDate "2016.04.20"]

1. e4 c5 2. Nf3 d6 3. c3 Nf6 4. Be2 Bd7 5. d3 Nc6 6. O-O e5 7. Re1 Be7 8. Bf1
O-O 9. h3 Re8 10. d4 cxd4 11. cxd4 exd4 12. Nxd4 d5 13. e5 Ne4 14. Nxc6 Bxc6
15. Nd2 Bc5 16. Nxe4 dxe4 17. Bf4 Qb6 18. Qe2 Bd4 19. Rab1 Bxe5 20. Be3 Bd4 21.
b4 Bxe3 22. Qxe3 Qxe3 23. Rxe3 Bd5 24. a3 f5 25. Rd1 Red8 26. Rxd5 Rxd5 27. Bc4
Rad8 28. f3 b5 29. Bb3 Kf8 30. Bxd5 Rxd5 31. fxe4 fxe4 32. Rxe4 Rd3 33. Re5 a6
34. a4 bxa4 35. Ra5 a3 36. Rxa6 Rb3 37. Ra7 h6 38. b5 Rb1+ 39. Kh2 a2 40. Rxa2
Rxb5 1/2-1/2

[Event "Russian Championship B17 2016"]
[Site "Loo"]
[Date "2016.04.25"]
[Round "6.15"]
[White "Komov, Roman"]
[Black "Dubinin, Alexsandr"]
[Result "1/2-1/2"]
[WhiteElo "2258"]
[BlackElo "2080"]
[PlyCount "90"]
[EventDate "2016.04.20"]

1. d4 Nf6 2. Nf3 g6 3. c4 Bg7 4. Nc3 O-O 5. e4 d6 6. h3 e5 7. d5 a5 8. g4 Na6
9. Be3 Nd7 10. a3 Nac5 11. Nd2 f5 12. gxf5 gxf5 13. exf5 Nf6 14. Bxc5 dxc5 15.
Qc2 e4 16. O-O-O Bxf5 17. f3 Bg6 18. fxe4 Nh5 19. Bd3 Be5 20. Ne2 Qh4 21. Rdf1
Rxf1+ 22. Rxf1 Qxh3 23. Ng1 Qe3 24. Ngf3 Bg3 25. Qb3 Re8 26. Bc2 Qxb3 27. Nxb3
Bxe4 28. Nxc5 Bf4+ 29. Kb1 Ng3 30. Nxe4 Rxe4 31. Bxe4 Nxf1 32. Kc2 Kg7 33. b4
axb4 34. axb4 h5 35. d6 Bxd6 36. c5 Bg3 37. Bxb7 h4 38. Bc8 Kf6 39. Kd3 Nh2 40.
Nxh2 Bxh2 41. Ke2 Ke5 42. b5 Bg1 43. b6 Bxc5 44. bxc7 Kd6 45. Bh3 Kxc7 1/2-1/2

[Event "Russian Championship B17 2016"]
[Site "Loo"]
[Date "2016.04.25"]
[Round "6.16"]
[White "Neznanov, Aleksandr"]
[Black "Abramov, Nikita"]
[Result "0-1"]
[WhiteElo "2085"]
[BlackElo "2255"]
[PlyCount "68"]
[EventDate "2016.04.20"]

1. e4 c5 2. Nf3 e6 3. c4 Nc6 4. Be2 e5 5. Nc3 g6 6. O-O Bg7 7. d3 Nge7 8. a3
O-O 9. Bd2 h6 10. Rb1 d6 11. b4 b6 12. Nd5 f5 13. bxc5 dxc5 14. Bc3 Bd7 15. Re1
Nxd5 16. exd5 Nd4 17. Nxd4 cxd4 18. Bb4 Re8 19. Bf3 Rc8 20. a4 Kh7 21. Ba3 e4
22. Be2 Qg5 23. a5 e3 24. fxe3 Qxe3+ 25. Kh1 Qf2 26. axb6 axb6 27. Bd6 f4 28.
Bf3 Bf5 29. Rxe8 Rxe8 30. Bxf4 Bxd3 31. Bg3 Qc2 32. Rxb6 Qxc4 33. d6 Bc2 34.
Qd2 Qf1# 0-1

[Event "Russian Championship B17 2016"]
[Site "Loo"]
[Date "2016.04.25"]
[Round "6.17"]
[White "Dobrocmyslov, Artem"]
[Black "Bubnov, Kirill"]
[Result "1-0"]
[WhiteElo "2215"]
[BlackElo "2159"]
[PlyCount "101"]
[EventDate "2016.04.20"]

1. d4 Nf6 2. c4 g6 3. Nc3 d5 4. Bf4 Bg7 5. e3 c6 6. Nf3 O-O 7. h3 Ne4 8. Rc1
Qa5 9. Qb3 dxc4 10. Bxc4 b5 11. Bd3 Be6 12. Qc2 Nxc3 13. Qxc3 Qxc3+ 14. Rxc3
Bxa2 15. Bxb8 Raxb8 16. Rxc6 Bc4 17. Kd2 a5 18. Ra1 a4 19. Bxc4 bxc4 20. Kc2
Rb4 21. Nd2 e5 22. d5 e4 23. Nxc4 Rfb8 24. d6 Bxb2 25. Rb1 a3 26. Nxb2 a2 27.
Ra1 Rxb2+ 28. Kc3 R2b3+ 29. Kd4 Ra8 30. Kxe4 Kf8 31. Rc2 Rba3 32. Kf4 Ke8 33.
e4 Kd7 34. e5 Ke6 35. Rc7 h6 36. Re7+ Kd5 37. Kg4 Rb3 38. d7 Kc6 39. Rxa2 Rb4+
40. f4 Rd8 41. Rc2+ Kb7 42. Rxf7 Rb6 43. h4 Rb3 44. h5 gxh5+ 45. Kxh5 Re3 46.
Kg6 Kb8 47. Kf6 Re4 48. f5 h5 49. e6 h4 50. e7 Rxd7 51. e8=Q+ 1-0

[Event "Russian Championship B17 2016"]
[Site "Loo"]
[Date "2016.04.25"]
[Round "6.18"]
[White "Zaichikov, Andrey"]
[Black "Yashmetov, Mikhail"]
[Result "1-0"]
[WhiteElo "2013"]
[BlackElo "2212"]
[PlyCount "73"]
[EventDate "2016.04.20"]

1. e4 c5 2. Nf3 Nc6 3. g3 g6 4. Bg2 Bg7 5. d3 d6 6. O-O e5 7. Bg5 Nge7 8. Qd2
O-O 9. Nc3 Bg4 10. h3 Bxf3 11. Bxf3 f6 12. Be3 f5 13. Bg2 Rb8 14. Rae1 Nd4 15.
f4 b5 16. Nd5 fxe4 17. Nxe7+ Qxe7 18. dxe4 exf4 19. gxf4 b4 20. c3 bxc3 21.
bxc3 Nb5 22. e5 Rfd8 23. a4 Nc7 24. exd6 Rxd6 25. Bxc5 Rxd2 26. Rxe7 Na6 27.
Be3 Rd6 28. f5 Rc8 29. Rxa7 Bxc3 30. f6 Rf8 31. f7+ Kg7 32. Ra8 Rxa8 33. Bxa8
Bf6 34. Bd5 Be7 35. f8=Q+ Bxf8 36. Rf7+ Kg8 37. Rd7+ 1-0

[Event "Russian Championship B17 2016"]
[Site "Loo"]
[Date "2016.04.25"]
[Round "6.19"]
[White "Mesnyankin, Nikita"]
[Black "Lushnikov, Sergey"]
[Result "1-0"]
[WhiteElo "2205"]
[BlackElo "1953"]
[PlyCount "115"]
[EventDate "2016.04.20"]

1. e4 e6 2. d4 d5 3. Nc3 Nf6 4. Bg5 Be7 5. e5 Nfd7 6. h4 Bxg5 7. hxg5 Qxg5 8.
Qd3 g6 9. Nf3 Qe7 10. Qe3 a6 11. O-O-O c5 12. dxc5 Qxc5 13. Qf4 h6 14. Rd2 Qf8
15. Ne2 g5 16. Qe3 Nc6 17. c4 g4 18. cxd5 Qc5+ 19. Qxc5 Nxc5 20. dxc6 gxf3 21.
gxf3 bxc6 22. Nd4 Bb7 23. Rc2 Rd8 24. Nf5 Nb3+ 25. axb3 exf5 26. Rh5 f4 27. Rc4
Rg8 28. Rh1 c5 29. Rxf4 Rd4 30. Rxd4 cxd4 31. Kd2 Rg6 32. Rh3 Rg1 33. Bd3 Rg5
34. f4 Rg4 35. Rxh6 Rxf4 36. Rf6 Rg4 37. Bc4 Rg7 38. Kd3 Bc8 39. Kxd4 Ke7 40.
Rc6 Kd7 41. Rf6 Ke7 42. f4 Be6 43. f5 Rg4+ 44. Kc5 Bxc4 45. bxc4 a5 46. Ra6 Rg2
47. Ra7+ Ke8 48. Rxa5 Rxb2 49. Kd6 Rd2+ 50. Rd5 Rc2 51. c5 Rc1 52. c6 Kd8 53.
e6 fxe6 54. fxe6 Rc2 55. e7+ Ke8 56. c7 Rc1 57. Rc5 Rd1+ 58. Kc6 1-0